Súbor ekonomických ukazovateľov za rok 1999
Saved in:
| Format: | Book |
|---|---|
| Language: | Slovak |
| Published: |
Bratislava
Ústav informácií a prognóz školstva, mládeže a telovýchovy
2001
|
| Subjects: | |
| Tags: |
No Tags, Be the first to tag this record!
|
MARC
| LEADER | 00000nam a2200000 4500 | ||
|---|---|---|---|
| 001 | c130508 | ||
| 005 | 20230112124035.7 | ||
| 041 | 0 | |a slo | |
| 044 | |a SK | ||
| 245 | 1 | 0 | |a Súbor ekonomických ukazovateľov za rok 1999 |
| 264 | 1 | |a Bratislava |b Ústav informácií a prognóz školstva, mládeže a telovýchovy |c 2001 | |
| 300 | |a 137 s. | ||
| 610 | 2 | 0 | |a ukazovatele ekonomické |
| 610 | 2 | 0 | |a organizácie rozpočtové |
| 610 | 2 | 0 | |a organizácie príspevkové |
| 610 | 2 | 0 | |a výdavky rozpočtu štátneho |
| 610 | 2 | 0 | |a výsledok hospodársky |
| 610 | 2 | 0 | |a údaje štatistické |
| 610 | 2 | 0 | |a školstvo |
| 610 | 2 | 0 | |a školy |
| 610 | 2 | 0 | |a úrady |
| 610 | 2 | 0 | |a kraje |
| 610 | 2 | 0 | |a okresy |
| 610 | 2 | 0 | |a stavby |
| 610 | 2 | 0 | |a zamestnanci |
| 610 | 2 | 0 | |a výdavky |
| 610 | 2 | 0 | |a príjmy |
| 610 | 2 | 0 | |a mzdy |
| 610 | 2 | 0 | |a Slovensko |
| 610 | 2 | 0 | |a 1999 |